Hungary

Bibliographic Details
Corporate Author: Adam Matthew Digital (Firm) (digitiser.)
Format: eBook
Language:English
Published: Marlborough, Wiltshire : Adam Matthew Digital, 2020.
Series:AM Scholar: Business, Economic and Labour History.
Subjects:
Online Access:Connect to the full text of this electronic book

MARC

Tag First Indicator Second Indicator Subfields
LEADER 00000cam a2200000Mi 4500
001 in00005471521
006 m o u
007 cr |n|---uuuuu
008 210106s2020 enk o 000 0 eng d
005 20240917153330.9
035 |a (OCoLC)on1232461332 
040 |a UKAMD  |b eng  |c UKAMD  |d OCLCO 
035 |a (OCoLC)1232461332 
049 |a TXAM 
245 0 0 |a Hungary  |g 1960-1962. 
264 1 |a Marlborough, Wiltshire :  |b Adam Matthew Digital,  |c 2020. 
300 |a 1 online resource. 
336 |a text  |b txt  |2 rdacontent 
337 |a computer  |b c  |2 rdamedia 
338 |a online resource  |b cr  |2 rdacarrier 
490 1 |a AM Scholar: Business, Economic and Labour History. 
500 |a AMDigital Reference:Box 4, Folder 10. 
500 |a Labor, Social Justice and World Affairs: The Papers of David A Morse (1907-1990), Director-General of the International Labour Organisation, 1948-1970. 
535 1 |a Seeley G Mudd Manuscript Library, Princeton University 
542 |f Material sourced from the Seeley G Mudd Manuscript Library, Princeton University. Permission to use material from these papers in publications must be requested from the Associate University Librarian for Rare Books and Special Collections, Princeton University Library. Citations should take the following form: Identification of item, date (if known), David A Morse Papers, Box, and if applicable, folder number, Public Policy Papers, Department of Rare Books and Special Collections, Princeton University Library. 
534 |p Reproduction of:  |t Hungary Hungary,  |c 1960-1962. 
655 7 |a Electronic books.  |2 local 
710 2 |a Adam Matthew Digital (Firm),  |e digitiser. 
830 0 |a AM Scholar: Business, Economic and Labour History. 
856 4 0 |u http://proxy.library.tamu.edu/login?url=https://www.amscholar.amdigital.co.uk/Documents/Details/LSJWA_Part1_Reel4_Vol10  |z Connect to the full text of this electronic book  |t 0 
955 |a Adam Matthew Scholar Buisness Economic and Labour History 
994 |a 92  |b TXA 
999 f f |s ba3eed59-4f45-4644-83f4-974bffb7d952  |i 2ab9582d-f3fb-476a-8831-21f07221a522  |t 0 
952 f f |a Texas A&M University  |b College Station  |c Electronic Resources  |d Available Online  |t 0  |h Library of Congress classification 
998 f f |t 0  |l Available Online